| 000 | 00487nam a22001937a 4500 | ||
|---|---|---|---|
| 003 | MPLRDC | ||
| 005 | 20220104151949.0 | ||
| 008 | 210129b ||||| |||| 00| 0 eng d | ||
| 020 | _a962-04-0259-6 | ||
| 082 | _a844.151 LJJ | ||
| 100 | _a梁鉴江选注 | ||
| 245 |
_a杜甫诗选 _c |
||
| 250 | _a再版 | ||
| 260 |
_a _b三联书店有限公司 _c1996 |
||
| 300 | _b平 | ||
| 490 | _a中国历代诗人选集 | ||
| 650 | _a唐及五代别集--杜甫 | ||
| 942 |
_cBK _o844.151 LJJ |
||
| 999 |
_c52642 _d52632 |
||